000 00833nas a22001937a 4500
003 NALT
005 20210524114008.0
008 181119b ||||| |||| 00| 0 tha d
040 _aNALT
041 0 _atha
245 1 0 _aBrandAge
260 3 _aกรุงเทพฯ :
_bบริษัท ไทยคูน-แบรนด์เอจ โฮลดิ้ง จำกัด
310 _aรายเดือน
500 _aงดบอกรับตั้งแต่เดือนพฤศจิกายน 2562 เป็นต้นไป
850 _aNALT
866 3 1 _aปีที่ 19 ฉบับที่ 213-219, 221-224 (ม.ค.-ก.ค., ก.ย.-ธ.ค. 2561), ปีที่ 20 ฉบับที่ 225-234 (ม.ค.-ต.ค. 2562)
942 _cJNR
_s1
_2lcc
998 _b34
_d2016-11-15 16:11:40.410
_j755
_k จินตนา เอี่ยมคง
999 _c91953
_d91953